| 000 | 00000nam##2200000za#4500 |
| 001 | 9.598456 |
| 003 | CaOODSP |
| 005 | 20210624204548 |
| 007 | cr ||||||||||| |
| 008 | 150406|2009||||xxc|||||o f|0| 0 fre|d |
| 020 | |a978-1-100-94117-2 |
| 040 | |aCaOODSP|bfre |
| 043 | |an-cn--- |
| 086 | 1 |aCW69-5/507F-PDF |
| 110 | 2 |aService canadien de la faune. |
| 245 | 10|aDes observations et des relevés d'oiseaux de rivage au lac Luck, Saskatchewan, 1993-2002 / |h[ressource électronique]|c[par] Gerard W. Beyersbergen. |
| 260 | |aEdmonton - Alberta : |bEnvironnement Canada. |cc2009. |
| 300 | |a37p.|bfigures en couleur, références, tableaux |
| 490 | 1 |aService canadien de la faune, rapport technique|v507 |
| 590 | |a15-01-Supp|b2015-01-26 |
| 775 | 08|tShorebird observations and surveys at Luck Lake, Saskatchewan, 1993-2002 / |w(CaOODSP)9.567092 |
| 830 | #0|aSérie de rapports techniques (Service canadien de la faune)|v507|w(CaOODSP)9.500915 |
| 856 | 40|ahttp://publications.gc.ca|qPDF|s2.95 Mo|uhttps://publications.gc.ca/collections/collection_2015/ec/CW69-5-507-fra.pdf|y507 |